Click the Movie Title Ending #4 - with "The" - Statistics

General Stats
  • This quiz has been taken 380 times
    348 since last reset
  • The average score is 12 of 15
Answer Stats
Hint Answer % Correct
The Parent Trap
93%
The Dark Knight
89%
The Social Network
88%
The Usual Suspects
88%
The Imitation Game
87%
The Book Thief
83%
The Danish Girl
78%
The King's Speech
78%
The Wedding Singer
75%
The Hateful Eight
74%
The Blind Side
73%
The Hurt Locker
71%
The Big Short
61%
The Other Guys
60%
The Monuments Men
60%
No matching quizzes found
Score Distribution
Percent of People with Each Score
Percentile by Number Answered
Your Score History
You have not taken this quiz since the last reset